Analýza udržateľnosti fiškálnej politiky vybraných krajín na základe dynamického modelovania

Udržateľnosť fiškálnej politiky. Fiškálna politika v dynamických modeloch. Dohoda o stabilite a raste. Praktické príklady

Salvato in:
Dettagli Bibliografici
Autore principale: Litva, Dušan
Natura: Capitolo di libro
Lingua:slovacco
Soggetti:
Tags: Aggiungi Tag
Nessun Tag, puoi essere il primo ad aggiungerne!!

MARC

LEADER 00000naa a2200000 4500
001 0222565
005 20230918100243.1
041 0 |a slo 
044 |a SK 
245 1 0 |a Analýza udržateľnosti fiškálnej politiky vybraných krajín na základe dynamického modelovania  |c Dušan Litva 
520 |a Udržateľnosť fiškálnej politiky. Fiškálna politika v dynamických modeloch. Dohoda o stabilite a raste. Praktické príklady 
610 2 0 |a politika fiškálna 
610 2 0 |a produkt domáci hrubý 
610 2 0 |a inflácia 
610 2 0 |a rozvoj trvalo udržateľný 
610 2 0 |a modely ekonomicko-matematické 
100 1 |a Litva, Dušan